|
|
|
|
| LEADER |
00957nam a2200241 a 4500 |
| 001 |
13607049 |
| 008 |
101004r20092008njua b 001 0 eng d |
| 010 |
|
|
|a 2004053113
|
| 020 |
|
|
|a 013145224X
|
| 020 |
|
|
|a 9788131722336
|
| 040 |
|
|
|a DLC
|c DLC
|d BD-DhAAL
|
| 082 |
0 |
0 |
|a 004.1
|2 22
|
| 100 |
1 |
|
|a Marinescu, Dan C.
|
| 245 |
1 |
0 |
|a Approaching quantum computing /
|c Dan C. Marinescu and Gabriela M. Marinescu.
|
| 260 |
|
|
|a Upper Saddle River, N.J. ;
|a New Delhi :
|b Pearson/Prentice Hall,
|c c2008.[Reprinted 2009]
|
| 300 |
|
|
|a 400 p. :
|b ill. ;
|c 24 cm.
|
| 504 |
|
|
|a Includes bibliographical references (p. 360-367) and index.
|
| 541 |
1 |
|
|e 00021121
|
| 650 |
|
0 |
|a Quantum computers.
|
| 700 |
1 |
|
|a Marinescu, Gabriela M.
|
| 852 |
4 |
|
|a Ayesha Abed Library
|j General shelf
|
| 999 |
|
|
|c 9627
|d 9627
|
| 952 |
|
|
|0 0
|1 0
|2 ddc
|4 0
|6 004_100000000000000_MAR_2009
|7 0
|9 12243
|a BRACUL
|b BRACUL
|c GEN
|d 2010-10-04
|g 383.25
|l 8
|m 120
|o 004.1 MAR
|p 3010021121
|r 2026-02-02
|s 2025-10-22
|t 1
|w 2010-10-04
|y BK
|